Structure and performance: global interdependence of stock markets around the crash of October 1987.
Podľa nových údajov o cenových indexoch akcií sa nezistilo, že podstatné rozdiely v reakcii na krach búrz v jednotlivých krajinách v októbri 1987 súvisia so štruktúrou trhov. Skúma sa aj jedna z mier previazanosti trhov, t.j. predaj zahraničných cenných papierov na domácich trhoch. Tento predaj súvi...
Na minha lista:
| Autor principal: | |
|---|---|
| Outros Autores: | |
| Formato: | Capítulo de Livro |
| Idioma: | inglês |
| Assuntos: | |
| Tags: |
Sem tags, seja o primeiro a adicionar uma tag!
|
MARC
| LEADER | 00000naa a2200000 4500 | ||
|---|---|---|---|
| 001 | r002893 | ||
| 005 | 20220819194733.5 | ||
| 041 | 0 | |a eng | |
| 044 | |a NL | ||
| 245 | 1 | 0 | |a Structure and performance: global interdependence of stock markets around the crash of October 1987. |c E. Bertero, C. Mayer |
| 520 | |a Podľa nových údajov o cenových indexoch akcií sa nezistilo, že podstatné rozdiely v reakcii na krach búrz v jednotlivých krajinách v októbri 1987 súvisia so štruktúrou trhov. Skúma sa aj jedna z mier previazanosti trhov, t.j. predaj zahraničných cenných papierov na domácich trhoch. Tento predaj súvisí so vzájomnou závislosťou trhov. | ||
| 610 | 2 | 0 | |a burzy |
| 610 | 2 | 0 | |a papiere cenné |
| 610 | 2 | 0 | |a 1987 |
| 610 | 2 | 0 | |a indexy cenové |
| 610 | 2 | 0 | |a trh |
| 610 | 2 | 0 | |a akcie |
| 100 | 1 | |a Bertero, E. | |
| 700 | 1 | |a Mayer, C. | |